| 000 | 00340nam a2200121Ia 4500 | ||
|---|---|---|---|
| 008 | 150202s9999 xx 000 0 und d | ||
| 050 |
_aFIC _bFIC |
||
| 100 | _aMcNamara Jr, John J. | ||
| 245 | 4 |
_aThe money maker / _cJohn McNamara Jr. |
|
| 260 |
_aNew York : _bPopular Library, _c1972. |
||
| 300 |
_a414 pages : _c18 cm. |
||
| 650 | _aFiction. | ||
| 999 |
_c282244 _d282244 |
||